[Event "LSS No Engine Cup 153 Preliminary 0"]
[Site "LSS email"]
[Date "2016.05.11"]
[Round "?"]
[White "Lozano, Margarita"]
[Black "Gyongyosi, Peter Laszlo"]
[Result "1-0"]
[WhiteElo "1403"]
[BlackElo "1076"]
[PlyCount "51"]
[EventDate "2016.05.12"]
[EventType "tourn (corr)"]
[EventRounds "6"]
[EventCountry "GER"]
[SourceTitle "Corr 2022"]
[Source "ChessBase"]
[SourceDate "2021.10.24"]
[SourceVersion "1"]
[SourceVersionDate "2021.10.24"]
[SourceQuality "1"]

1. e4 d5 2. exd5 Qxd5 3. Nc3 Qa5 4. d4 c6 5. Nf3 Nf6 6. Be2 e6 7. 0-0 Be7 8. Bd2 Nbd7 9. Re1 0-0 10. Bd3 Bb4 11. h3 b5 12. a3 Bxc3 13. Bxc3 Qd8 14. a4 Qb6 15. Qd2 Nd5 16. Ba5 Qb7 17. axb5 cxb5 18. Ng5 h6 19. Ne4 N7f6 20. Nxf6+ gxf6 21. Qxh6 f5 22. c4 bxc4 23. Bxc4 Ne7 24. Bc3 Ng6 25. Rad1 Qc6 26. d5 1-0

[Event "LSS No Engine Cup 152 Preliminary 0"]
[Site "LSS email"]
[Date "2016.04.20"]
[Round "?"]
[White "Krebs, Hans Joachim"]
[Black "Lozano, Margarita"]
[Result "0-1"]
[WhiteElo "1788"]
[BlackElo "1403"]
[PlyCount "58"]
[EventDate "2016.04.21"]
[EventType "tourn (corr)"]
[EventRounds "6"]
[EventCountry "GER"]
[SourceTitle "Corr 2022"]
[Source "ChessBase"]
[SourceDate "2021.10.24"]
[SourceVersion "1"]
[SourceVersionDate "2021.10.24"]
[SourceQuality "1"]

1. d4 Nf6 2. c4 g6 3. Nc3 Bg7 4. e4 d6 5. Nf3 0-0 6. Be2 Nbd7 7. 0-0 e5 8. Be3 exd4 9. Nxd4 Nc5 10. f3 a5 11. Qd2 Re8 12. Nd5 Nxd5 13. cxd5 b6 14. Bb5 Rf8 15. Nc6 Qe8 16. Bg5 Bd7 17. Ne7+ Kh8 18. Bxd7 Qxd7 19. Nc6 a4 20. Rac1 f5 21. Rce1 fxe4 22. Bh6 Rae8 23. Bxg7+ Kxg7 24. Qd4+ Kg8 25. fxe4 Rxf1+ 26. Rxf1 Rxe4 27. Rf8+ Kxf8 28. Qh8+ Kf7 29. Qxh7+ Kf6 0-1

[Event "LSS No Engine Cup 152 Preliminary 0"]
[Site "LSS email"]
[Date "2016.04.20"]
[Round "?"]
[White "Lozano, Margarita"]
[Black "Neumann, Frank"]
[Result "0-1"]
[WhiteElo "1403"]
[BlackElo "826"]
[PlyCount "62"]
[EventDate "2016.04.21"]
[EventType "tourn (corr)"]
[EventRounds "6"]
[EventCountry "GER"]
[SourceTitle "Corr 2022"]
[Source "ChessBase"]
[SourceDate "2021.10.24"]
[SourceVersion "1"]
[SourceVersionDate "2021.10.24"]
[SourceQuality "1"]

1. e4 c5 2. Nf3 e6 3. d4 cxd4 4. Nxd4 Nf6 5. Nc3 Be7 6. e5 Nd5 7. Nxd5 exd5 8. Nf5 0-0 9. Qxd5 Nc6 10. Nxe7+ Nxe7 11. Qb3 b6 12. Bd3 Bb7 13. 0-0 Re8 14. Bg5 Qc7 15. Rae1 a5 16. Kh1 Ng6 17. Bxg6 hxg6 18. f4 Qc6 19. Rf2 a4 20. Qd3 Ra5 21. c3 Ba6 22. Qd4 Rd5 23. Qe3 Rd3 24. Qe2 Qb7 25. Qc2 Rh3 26. Qxa4 Rd3 27. Qe4 Qxe4 28. Rfe2 Qa4 29. b3 Qc6 30. h4 Rxc3 31. Rd1 Bxe2 0-1

[Event "LSS No Engine Cup 152 Preliminary 0"]
[Site "LSS email"]
[Date "2016.04.20"]
[Round "?"]
[White "Lozano, Margarita"]
[Black "Neumann, Otto"]
[Result "1/2-1/2"]
[WhiteElo "1403"]
[BlackElo "1120"]
[PlyCount "66"]
[EventDate "2016.04.21"]
[EventType "tourn (corr)"]
[EventRounds "6"]
[EventCountry "GER"]
[SourceTitle "Corr 2022"]
[Source "ChessBase"]
[SourceDate "2021.10.24"]
[SourceVersion "1"]
[SourceVersionDate "2021.10.24"]
[SourceQuality "1"]

1. e4 c6 2. d4 d5 3. e5 Bf5 4. Nf3 e6 5. Be2 Bb4+ 6. c3 Ba5 7. 0-0 Ne7 8. Nh4 Nd7 9. Nxf5 Nxf5 10. Nd2 0-0 11. f4 Re8 12. Nf3 Bb6 13. g4 Nh4 14. Nxh4 Qxh4 15. Be3 Qe7 16. Bd3 Nf8 17. a4 a6 18. Qf3 Rac8 19. f5 exf5 20. gxf5 f6 21. e6 h6 22. Qg2 Kh8 23. Be2 Bc7 24. Bh5 Red8 25. Kh1 Nh7 26. Rg1 Ng5 27. h4 Ne4 28. Bf7 Ng3+ 29. Kh2 Nxf5+ 30. Kh1 Ng3+ 31. Kh2 Nf5+ 32. Kh1 Ng3+ 33. Kh2 Nf5+ 1/2-1/2

[Event "LSS No Engine Cup 151 Preliminary 0"]
[Site "LSS email"]
[Date "2016.04.02"]
[Round "?"]
[White "Neumann, Frank"]
[Black "Lozano, Margarita"]
[Result "1-0"]
[WhiteElo "841"]
[BlackElo "1410"]
[PlyCount "85"]
[EventDate "2016.04.03"]
[EventType "tourn (corr)"]
[EventRounds "6"]
[EventCountry "GER"]
[SourceTitle "Corr 2022"]
[Source "ChessBase"]
[SourceDate "2021.10.24"]
[SourceVersion "1"]
[SourceVersionDate "2021.10.24"]
[SourceQuality "1"]

1. b4 e5 2. Bb2 Bxb4 3. Bxe5 Nf6 4. e3 Nc6 5. Bb2 0-0 6. Nf3 d5 7. Be2 h6 8. 0-0 Be6 9. a3 Bd6 10. c4 dxc4 11. Qc1 Na5 12. Nc3 Nb3 13. Qc2 Nxa1 14. Rxa1 Qd7 15. Nd4 Rfe8 16. Nxe6 Qxe6 17. Nb5 Be5 18. Bxe5 Re7 19. Bg3 Ne4 20. Bxc4 Qc6 21. a4 Nxg3 22. hxg3 a6 23. Nd4 Qf6 24. Rf1 Rd8 25. Nf3 Qd6 26. d4 Red7 27. Ne5 Re7 28. Rb1 Kf8 29. g4 Kg8 30. Rxb7 Ra8 31. Qa2 a5 32. Rb5 Kf8 33. Bd5 Ra7 34. Nxf7 Rxf7 35. Bxf7 c6 36. Rf5 Ke7 37. Bg8 Rc7 38. Qf7+ Kd8 39. Qf8+ Qxf8 40. Rxf8+ Ke7 41. Rf7+ Kd6 42. Rxc7 Kxc7 43. f4 1-0

[Event "LSS No Engine Cup 145 Preliminary 0"]
[Site "LSS email"]
[Date "2015.12.27"]
[Round "?"]
[White "Lozano, Margarita"]
[Black "Cole, Steve"]
[Result "0-1"]
[WhiteElo "1414"]
[BlackElo "1725"]
[PlyCount "62"]
[EventDate "2015.12.28"]
[EventType "tourn (corr)"]
[EventRounds "6"]
[EventCountry "GER"]
[SourceTitle "Corr 2022"]
[Source "ChessBase"]
[SourceDate "2021.10.24"]
[SourceVersion "1"]
[SourceVersionDate "2021.10.24"]
[SourceQuality "1"]

1. e4 e5 2. Nf3 Nc6 3. Bb5 a6 4. Ba4 Nf6 5. 0-0 Be7 6. Re1 b5 7. Bb3 0-0 8. c3 d5 9. exd5 Nxd5 10. Nxe5 Nxe5 11. Rxe5 c6 12. d4 Bd6 13. Re1 Qh4 14. g3 Qh3 15. Bxd5 cxd5 16. Qf3 Bf5 17. Qxd5 Rae8 18. Bd2 Bf4 19. Rxe8 Rxe8 20. Qc6 Bd7 21. Qf3 Bg5 22. c4 h6 23. c5 Bg4 24. Qg2 Re2 25. Qxh3 Bxh3 26. Bc3 Bf6 27. Nd2 b4 28. Bxb4 Bxd4 29. c6 Rxf2 30. Kh1 Bg2+ 31. Kg1 Rxd2# 0-1

[Event "LSS No Engine Cup 145 Preliminary 0"]
[Site "LSS email"]
[Date "2015.12.27"]
[Round "?"]
[White "Wittlieb, Friedhelm"]
[Black "Lozano, Margarita"]
[Result "1-0"]
[WhiteElo "1077"]
[BlackElo "1414"]
[PlyCount "71"]
[EventDate "2015.12.28"]
[EventType "tourn (corr)"]
[EventRounds "6"]
[EventCountry "GER"]
[SourceTitle "Corr 2022"]
[Source "ChessBase"]
[SourceDate "2021.10.24"]
[SourceVersion "1"]
[SourceVersionDate "2021.10.24"]
[SourceQuality "1"]

1. e4 c5 2. Nf3 d6 3. Nc3 Nc6 4. Bb5 Bd7 5. 0-0 a6 6. Bc4 b5 7. Be2 Nf6 8. Bd3 c4 9. Be2 e6 10. d4 Be7 11. e5 dxe5 12. dxe5 Ng4 13. h3 Ngxe5 14. Bf4 Ng6 15. a3 0-0 16. Ne4 Nxf4 17. Re1 Nxe2+ 18. Qxe2 Qb6 19. Qe3 Qc7 20. Nc5 Bxc5 21. Qxc5 Rac8 22. Rac1 Nd8 23. Qd4 Bc6 24. Ne5 f6 25. Nf3 e5 26. Qe3 Ne6 27. Nh4 Qb7 28. Nf5 Bxg2 29. Qg3 Nf4 30. b3 cxb3 31. Nd6 Qf3 32. cxb3 Rxc1 33. Rxc1 Nxh3+ 34. Kh2 Nf4 35. Rc7 Qd5 36. Qxg7# 1-0

[Event "IECC CL0-2015.00 email"]
[Site "IECC email"]
[Date "2015.10.30"]
[Round "?"]
[White "Trevis, Robert R"]
[Black "Lozano, Margarita"]
[Result "1-0"]
[WhiteElo "1081"]
[BlackElo "1228"]
[PlyCount "73"]
[EventDate "2015.09.27"]
[EventType "tourn (corr)"]
[EventRounds "4"]
[SourceTitle "Corr 2022"]
[Source "ChessBase"]
[SourceDate "2021.10.24"]
[SourceVersion "1"]
[SourceVersionDate "2021.10.24"]
[SourceQuality "1"]

1. e4 c5 2. Nf3 d6 3. d4 cxd4 4. Nxd4 Nf6 5. Nc3 g6 6. Bb5+ Bd7 7. 0-0 Bg7 8. Bg5 0-0 9. Qd2 Nc6 10. Nxc6 Bxc6 11. Bxc6 bxc6 12. Bxf6 Bxf6 13. Rad1 Rb8 14. b3 Qa5 15. Nd5 Qxd2 16. Nxf6+ exf6 17. Rxd2 Rfd8 18. Rfd1 Kf8 19. Rxd6 Rxd6 20. Rxd6 Ke7 21. Rxc6 Rb7 22. c4 a5 23. f4 Ra7 24. Rc5 Kd6 25. Rd5+ Kc6 26. Kf2 a4 27. b4 Re7 28. Rc5+ Kb6 29. Rb5+ Kc6 30. Ke3 f5 31. e5 f6 32. a3 fxe5 33. fxe5 Re6 34. Kd4 g5 35. Ra5 h5 36. Ra6+ Kd7 37. Rxe6 1-0

[Event "IECC CL0-2015.00 email"]
[Site "IECC email"]
[Date "2015.10.24"]
[Round "?"]
[White "Shim Ng Min, Francis"]
[Black "Lozano, Margarita"]
[Result "0-1"]
[WhiteElo "1214"]
[BlackElo "1228"]
[PlyCount "44"]
[EventDate "2015.09.27"]
[EventType "tourn (corr)"]
[EventRounds "4"]
[SourceTitle "Corr 2022"]
[Source "ChessBase"]
[SourceDate "2021.10.24"]
[SourceVersion "1"]
[SourceVersionDate "2021.10.24"]
[SourceQuality "1"]

1. e4 c5 2. Nf3 d6 3. d4 cxd4 4. Nxd4 Nf6 5. Nc3 g6 6. Be3 Bg7 7. f3 0-0 8. Qd2 Nc6 9. g4 Bd7 10. 0-0-0 Rc8 11. h4 Ne5 12. h5 Nc4 13. Bxc4 Rxc4 14. hxg6 fxg6 15. g5 Nh5 16. Nf5 Bxf5 17. Qd5+ Kh8 18. Qxc4 Bd7 19. Rdf1 Ng3 20. f4 Nxf1 21. Rxf1 a6 22. Nd5 Bb5 0-1

[Event "LSS No Engine Cup 139 Preliminary 0"]
[Site "LSS email"]
[Date "2015.09.23"]
[Round "?"]
[White "Raines, David T"]
[Black "Lozano, Margarita"]
[Result "1-0"]
[WhiteElo "1434"]
[BlackElo "1462"]
[PlyCount "39"]
[EventDate "2015.09.24"]
[EventType "tourn (corr)"]
[EventRounds "6"]
[EventCountry "GER"]
[SourceTitle "Corr 2022"]
[Source "ChessBase"]
[SourceDate "2021.10.24"]
[SourceVersion "1"]
[SourceVersionDate "2021.10.24"]
[SourceQuality "1"]

1. d4 Nf6 2. Nf3 g6 3. Bg5 Bg7 4. Nc3 0-0 5. e4 d6 6. Qd2 Nbd7 7. Be2 e5 8. 0-0-0 exd4 9. Nxd4 a6 10. h4 Qe8 11. f3 b5 12. Bh6 Bxh6 13. Qxh6 Bb7 14. h5 Nxh5 15. Rxh5 gxh5 16. Nf5 Qe5 17. Rh1 Rfe8 18. Rxh5 Nf8 19. f4 Qe6 20. Qg7# 1-0

[Event "RF-2015-0-00249"]
[Site "LSS email"]
[Date "2015.07.22"]
[Round "?"]
[White "Lenz, Juergen"]
[Black "Lozano, Margarita"]
[Result "1/2-1/2"]
[WhiteElo "1093"]
[BlackElo "1255"]
[PlyCount "141"]
[EventDate "2015.06.26"]
[EventType "tourn (corr)"]
[EventRounds "6"]
[EventCountry "GER"]
[SourceTitle "Corr 2022"]
[Source "ChessBase"]
[SourceDate "2021.10.24"]
[SourceVersion "1"]
[SourceVersionDate "2021.10.24"]
[SourceQuality "1"]

1. d4 Nf6 2. Nf3 g6 3. Bf4 Bg7 4. e3 d6 5. h3 0-0 6. Be2 Nbd7 7. 0-0 Nh5 8. Bh2 e5 9. c4 exd4 10. exd4 Bh6 11. Re1 Nf4 12. Bf1 d5 13. Nc3 Nf6 14. Ne5 Ne6 15. Nf3 c6 16. cxd5 Nxd5 17. Bc4 Nef4 18. Qb3 b5 19. Bxd5 Nxd5 20. Rad1 Be6 21. Qc2 Nxc3 22. bxc3 Bf5 23. Qb2 Re8 24. Ne5 Qd5 25. Qb3 a5 26. Qxd5 cxd5 27. Nc6 a4 28. Ne7+ Kg7 29. Be5+ Kf8 30. Nxf5 gxf5 31. Bd6+ Kg8 32. f4 Rac8 33. Rxe8+ Rxe8 34. Kf2 Rc8 35. Rd3 Rc4 36. g3 Bf8 37. Bxf8 Kxf8 38. a3 Ke7 39. Ke2 f6 40. Kd2 Kf7 41. Re3 Rc8 42. g4 fxg4 43. hxg4 Rg8 44. Rg3 h5 45. g5 fxg5 46. fxg5 Kg6 47. Re3 h4 48. Ke2 h3 49. Rxh3 Rf8 50. Rh6+ Kxg5 51. Rd6 Rb8 52. Rxd5+ Kf6 53. Kd3 Ke6 54. Rh5 Kd6 55. Re5 Kd7 56. Ke4 Kd6 57. d5 Rc8 58. Re6+ Kd7 59. Kd4 Rc4+ 60. Kd3 Rc8 61. Rb6 Rc5 62. Kd4 Rc4+ 63. Ke5 Rxc3 64. Rb7+ Kc8 65. Rxb5 Rxa3 66. Kd6 Rd3 67. Ra5 a3 68. Kc6 Rc3+ 69. Kd6 Rb3 70. Rc5+ Kd8 71. Ra5 1/2-1/2

[Event "RF-2015-0-00249"]
[Site "LSS email"]
[Date "2015.07.22"]
[Round "?"]
[White "Lozano, Margarita"]
[Black "Shim Ng Min, Francis"]
[Result "0-1"]
[WhiteElo "1255"]
[BlackElo "1298"]
[PlyCount "102"]
[EventDate "2015.06.26"]
[EventType "tourn (corr)"]
[EventRounds "6"]
[EventCountry "GER"]
[SourceTitle "Corr 2022"]
[Source "ChessBase"]
[SourceDate "2021.10.24"]
[SourceVersion "1"]
[SourceVersionDate "2021.10.24"]
[SourceQuality "1"]

1. e4 c5 2. Nf3 d6 3. d4 cxd4 4. Nxd4 Nf6 5. Nc3 a6 6. Be2 e5 7. Nb3 h6 8. Be3 Be6 9. 0-0 Be7 10. f4 exf4 11. Bxf4 0-0 12. Qd3 Qc7 13. Rad1 Rd8 14. Nd4 Nc6 15. Nxc6 Qxc6 16. Nd5 Bxd5 17. exd5 Qb6+ 18. Be3 Qxb2 19. a3 Rdc8 20. Rd2 Qc3 21. Bd4 Qxd3 22. Bxd3 b5 23. Re2 Re8 24. Rfe1 Kf8 25. c4 bxc4 26. Bxc4 Ng8 27. Bc3 Rec8 28. Re4 a5 29. Bb2 Bf6 30. Bxf6 Nxf6 31. Rf4 Re8 32. Rxe8+ Rxe8 33. Kf2 Re4 34. Rxe4 Nxe4+ 35. Ke3 Nc5 36. Kd4 Ke7 37. g3 f5 38. Ba2 Kf6 39. Bb1 g5 40. Ba2 g4 41. Kc4 Ke5 42. Kb5 a4 43. Kc6 h5 44. Bb1 Nb3 45. Bc2 Nd4+ 46. Kb6 Nxc2 47. Kb5 Nxa3+ 48. Kxa4 Nc2 49. Kb5 Kxd5 50. Kb6 Ke4 51. Kc6 d5 0-1

[Event "BI-2015-P-0000"]
[Site "LSS email"]
[Date "2015.04.16"]
[Round "?"]
[White "Lozano, Margarita"]
[Black "Bergmann, Michael"]
[Result "0-1"]
[WhiteElo "1239"]
[BlackElo "2533"]
[PlyCount "70"]
[EventDate "2015.04.22"]
[EventType "tourn (corr)"]
[EventRounds "10"]
[EventCountry "GER"]
[SourceTitle "Corr 2022"]
[Source "ChessBase"]
[SourceDate "2021.10.24"]
[SourceVersion "1"]
[SourceVersionDate "2021.10.24"]
[SourceQuality "1"]

1. e4 e5 2. Nf3 Nc6 3. Bb5 a6 4. Ba4 Nf6 5. 0-0 Be7 6. Re1 b5 7. Bb3 0-0 8. c3 d6 9. d4 Bg4 10. d5 Na5 11. h3 Nxb3 12. axb3 Bd7 13. Nbd2 c6 14. dxc6 Bxc6 15. c4 Qd7 16. Nf1 Qb7 17. Ng3 Nxe4 18. Nxe4 Bxe4 19. Qe2 f5 20. Bd2 Rf6 21. Ng5 Bc6 22. f3 h6 23. cxb5 Bxb5 24. Qf2 Rg6 25. f4 hxg5 26. fxg5 Bxg5 27. Bxg5 Rxg5 28. Rad1 Bc6 29. g3 Qxb3 30. Re3 Qxd1+ 31. Re1 Qh5 32. Qh2 Qf3 33. Re2 Rxg3+ 34. Rg2 Qd1+ 35. Kf2 Rf3# 0-1

[Event "BI-2015-P-0000"]
[Site "LSS email"]
[Date "2015.04.16"]
[Round "?"]
[White "Lozano, Margarita"]
[Black "Hoehne, Volkmar"]
[Result "1/2-1/2"]
[WhiteElo "1239"]
[BlackElo "1886"]
[PlyCount "94"]
[EventDate "2015.04.22"]
[EventType "tourn (corr)"]
[EventRounds "10"]
[EventCountry "GER"]
[SourceTitle "Corr 2022"]
[Source "ChessBase"]
[SourceDate "2021.10.24"]
[SourceVersion "1"]
[SourceVersionDate "2021.10.24"]
[SourceQuality "1"]

1. e4 e5 2. Nf3 Nc6 3. Bb5 Nd4 4. Nxd4 exd4 5. 0-0 c6 6. Bc4 Nf6 7. e5 d5 8. Be2 Nd7 9. f4 Bc5 10. Kh1 0-0 11. d3 Qe7 12. Nd2 Bb6 13. Nf3 f6 14. exf6 Qxf6 15. Re1 Nc5 16. Qd2 Ne6 17. g3 Nd8 18. Ne5 Nf7 19. Nxf7 Qxf7 20. Bf3 Bd7 21. Qf2 Rae8 22. Bd2 Rxe1+ 23. Qxe1 Re8 24. Qf2 Re7 25. Re1 Qe8 26. Rxe7 Qxe7 27. Qe1 Qxe1+ 28. Bxe1 Bc5 29. Bf2 b5 30. Kg2 b4 31. h4 Kf7 32. h5 g6 33. hxg6+ hxg6 34. g4 a5 35. b3 Be6 36. Kg3 Bb6 37. Kg2 Bd7 38. Kg3 Ke6 39. Kg2 a4 40. Kg3 axb3 41. axb3 Kf7 42. Kh4 Be6 43. Kg5 Bd8+ 44. Kh6 Bc7 45. Kg5 Bd8+ 46. Kh6 Bc7 47. Kg5 Bd8+ 1/2-1/2

[Event "BI-2015-P-0000"]
[Site "LSS email"]
[Date "2015.04.16"]
[Round "?"]
[White "Lozano, Margarita"]
[Black "Woelfelschneider, Peter"]
[Result "0-1"]
[WhiteElo "1239"]
[BlackElo "2292"]
[PlyCount "66"]
[EventDate "2015.04.22"]
[EventType "tourn (corr)"]
[EventRounds "10"]
[EventCountry "GER"]
[SourceTitle "Corr 2022"]
[Source "ChessBase"]
[SourceDate "2021.10.24"]
[SourceVersion "1"]
[SourceVersionDate "2021.10.24"]
[SourceQuality "1"]

1. e4 e5 2. Nf3 Nf6 3. Nxe5 d6 4. Nf3 Nxe4 5. d4 d5 6. Bd3 Bd6 7. 0-0 0-0 8. Re1 Nf6 9. Bg5 Bg4 10. h3 Bh5 11. g4 Bg6 12. Nc3 c6 13. Bxg6 hxg6 14. Qd3 Nbd7 15. Re3 Qa5 16. Rae1 b5 17. a3 Qc7 18. Ne5 Bxe5 19. dxe5 Nc5 20. Qe2 Nh7 21. Bf4 Ne6 22. Bg3 d4 23. Rd3 dxc3 24. Rxc3 g5 25. Qf3 c5 26. Rd3 Rad8 27. Red1 Rxd3 28. Rxd3 Rb8 29. Rd6 Nhf8 30. c3 Ng6 31. Qe4 Nef4 32. Qf5 Qb7 33. Rd7 Qg2# 0-1

[Event "LSS No Engine Cup 129 Preliminary 0"]
[Site "LSS email"]
[Date "2015.04.09"]
[Round "?"]
[White "Lozano, Margarita"]
[Black "Pehl, Ferenc"]
[Result "0-1"]
[WhiteElo "1600"]
[BlackElo "1232"]
[PlyCount "130"]
[EventDate "2015.04.10"]
[EventType "tourn (corr)"]
[EventRounds "6"]
[EventCountry "GER"]
[SourceTitle "Corr 2022"]
[Source "ChessBase"]
[SourceDate "2021.10.24"]
[SourceVersion "1"]
[SourceVersionDate "2021.10.24"]
[SourceQuality "1"]

1. e4 e5 2. Nf3 Nc6 3. Bb5 a6 4. Ba4 Nf6 5. 0-0 b5 6. Bb3 d6 7. Re1 h6 8. c3 Na5 9. Bc2 Bg4 10. h3 Bh5 11. g4 Bg6 12. d3 Be7 13. Nbd2 0-0 14. Qe2 c5 15. Nf1 Qc7 16. Ng3 Rfe8 17. Nh4 Bh7 18. Nhf5 Bf8 19. h4 Nc6 20. g5 hxg5 21. hxg5 Nd7 22. Kg2 g6 23. Nh6+ Bxh6 24. gxh6 f6 25. Qg4 Nf8 26. Nh5 Qe7 27. Bb3+ Kh8 28. Ng7 Red8 29. Bd5 Rac8 30. Kh2 Qd7 31. Qf3 Qe7 32. Be3 Rd7 33. Rg1 Nd8 34. Ne8 Nde6 35. Nxf6 Rdc7 36. Bxe6 Qxe6 37. Nd5 Rf7 38. Qg4 Qxg4 39. Rxg4 Nd7 40. a4 Nf6 41. Nxf6 Rxf6 42. axb5 axb5 43. Ra5 Rb8 44. f4 exf4 45. Bxf4 b4 46. c4 Rbf8 47. Bg3 g5 48. Rxg5 Rxh6+ 49. Kg2 Rg8 50. Rxg8+ Kxg8 51. Ra6 Re6 52. Rxd6 Bxe4+ 53. dxe4 Rxe4 54. Rc6 Rxc4 55. Bd6 Rc2+ 56. Kf3 Rxb2 57. Rxc5 b3 58. Rb5 Rb1 59. Be5 Kf7 60. Ke3 Ke6 61. Bh8 Rh1 62. Bc3 Rh3+ 63. Kd4 Rh4+ 64. Ke3 Rh3+ 65. Kd4 Rh4+ 0-1

[Event "LSS No Engine Cup 127 Preliminary 0"]
[Site "LSS email"]
[Date "2015.03.09"]
[Round "?"]
[White "Lozano, Margarita"]
[Black "Obrien, Glenn"]
[Result "0-1"]
[WhiteElo "1600"]
[BlackElo "1808"]
[PlyCount "108"]
[EventDate "2015.03.10"]
[EventType "tourn (corr)"]
[EventRounds "6"]
[EventCountry "GER"]
[SourceTitle "Corr 2022"]
[Source "ChessBase"]
[SourceDate "2021.10.24"]
[SourceVersion "1"]
[SourceVersionDate "2021.10.24"]
[SourceQuality "1"]

1. e4 e5 2. Nf3 Nc6 3. Bb5 a6 4. Ba4 Nf6 5. 0-0 Be7 6. Re1 b5 7. Bb3 0-0 8. c3 d6 9. h3 Na5 10. Bc2 c5 11. d4 Qc7 12. d5 Bd7 13. Nbd2 c4 14. Nf1 Nb7 15. Ng3 Nc5 16. b4 cxb3 17. axb3 a5 18. Bd2 Rfc8 19. Qb1 h6 20. Rc1 Nb7 21. b4 Qb6 22. Bd3 Bd8 23. Rc2 Qa6 24. Qf1 Kh7 25. Nh4 Ng8 26. Nhf5 g6 27. Ne3 a4 28. c4 bxc4 29. Bxc4 Qa7 30. Rca2 Qd4 31. Bb5 Nf6 32. Bd3 h5 33. Nc4 Rxc4 34. Bxc4 Nxe4 35. Nxe4 Qxe4 36. Bb5 Bc8 37. Bc6 Bc7 38. Rxa4 Rxa4 39. Rxa4 Nd8 40. Ra8 Bf5 41. b5 Nxc6 42. dxc6 Qd5 43. Qe2 Bb6 44. Rb8 Bc7 45. Rb7 Bd8 46. Qe3 g5 47. c7 Bf6 48. Ra7 Kg6 49. h4 Qxb5 50. hxg5 Bg7 51. Ra8 Qc6 52. Qa7 h4 53. Qb8 h3 54. c8Q Qxg2# 0-1

[Event "LSS No Engine Cup 127 Preliminary 0"]
[Site "LSS email"]
[Date "2015.03.09"]
[Round "?"]
[White "Lozano, Margarita"]
[Black "Pons, Francisco"]
[Result "1-0"]
[WhiteElo "1600"]
[BlackElo "1424"]
[PlyCount "27"]
[EventDate "2015.03.10"]
[EventType "tourn (corr)"]
[EventRounds "6"]
[EventCountry "GER"]
[SourceTitle "Corr 2022"]
[Source "ChessBase"]
[SourceDate "2021.10.24"]
[SourceVersion "1"]
[SourceVersionDate "2021.10.24"]
[SourceQuality "1"]

1. e4 c5 2. Nf3 Nc6 3. d4 cxd4 4. Nxd4 g6 5. Nc3 Bg7 6. Be3 d6 7. Be2 Nf6 8. Qd2 0-0 9. f3 Nxd4 10. Bxd4 e5 11. Be3 a6 12. 0-0 b5 13. a3 Bb7 14. Rfd1 1-0